00854nam a2200205Ia 4500003000900000008004100009020003100050022002200081022002300103040001600126100003900142245009200181260003100273300001100304490002800315856010800343942000700451999001700458952017300475IN-BaIIA211028s9999 xx s 000 0 eng d a978-2-7598-0787-1 (Online) a1633-4760 (Print) a1638-1963 (Online) cIIA Library ade Avillez, Miguel A., ed. 938226 4aThe Role of the Disk-Halo Interaction in Galaxy Evolution: Outflow vs. Infall?h[eBook] aFrancebEDP Sciencesc2012 a379p.  aEAS Publications Series uhttps://www.eas-journal.org/articles/eas/abs/2012/04/contents/contents.htmlyClick Here to Access eBook cEB c20650d20650 00104070aBANbBANd2013-01-01eEDP ScienceshV. 56l0pEB110r2021-11-05uhttps://www.eas-journal.org/articles/eas/abs/2012/04/contents/contents.htmlw2021-11-05yEB